| 000 | 00854nam a2200205Ia 4500 | ||
|---|---|---|---|
| 003 | GCL | ||
| 008 | 140319s9999 xx 000 0 ara d | ||
| 040 |
_aGCL / _cGCL |
||
| 082 | 0 | 4 |
_a902 _bد د |
| 100 | 1 | _aدار مجدلاوى للنشر والتوزيع | |
| 245 | 1 | 0 |
_aدراسة موجزة فى مادة التاريخ: تاريخ المشرق العربى, التاريخ اليونانى, اوروبا فى العصور الوسطى, تاريخ العرب قبل الاسلام / _cدار مجدلاوى للنشر والتوزيع |
| 300 | _a342 ص | ||
| 490 |
_aقسم الدراسات والابحاث _v0 |
||
| 650 | 0 | 4 | _aالحضارة |
| 650 | 0 | 4 | _aالتاريخ |
| 650 | 0 | 4 | _aالعالم القديم |
| 650 | 0 | 4 | _aاوربا - تاريخ - العصور الوسطى |
| 650 | 0 | 4 | _aالتاريخ اليونانى |
| 942 |
_2ddc _cBK |
||
| 999 |
_c49884 _d49884 |
||